Lektury szkolne 4-8 (obowiązkowe) - Statystyki

Ogólne statystyki
  • Ten quiz został rozwiązany 148 razy
  • Średni wynik to 13 z 21
Statystyki odpowiedzi
Ilośc Autor Rok Klasy Tytuł % Poprawnych
fragment A. Mickiewicz 1834 4-6 Pan Tadeusz
91%
cała A. Mickiewicz 1834 7-8 Pan Tadeusz
91%
cała A. Fredro 1832 7-8 Zemsta
88%
cała A. de Saint Exupery 1943 7-8 Mały Książe
83%
cała J. Słowacki 1839 7-8 Balladyna
81%
cała C. Dickens 1843 7-8 Opowieść Wigilijna
81%
cała A. Kamiński 1943 7-8 Kamienie na Szaniec
77%
cała A. Mickiewicz 1823 7-8 Dziady
76%
cała J.R.R. Tolkien 1937 4-6 Hobbit
73%
fragment H. Sienkiewicz 1896 7-8 Quo Vadis
64%
cała J. Brzechwa 1946 4-6 Akademia Pana Kleksa
61%
cała F. Molnar 1906 4-6 Chłopcy z Placu Broni
55%
fragment J. Wybicki 1797 4-6 Mazurek Dąbrowskiego
52%
fragment S. Żeromski 1897 7-8 Syzyfowe Prace
49%
cała C.S. Levis 1950 4-6 Opowieści z Narnii
47%
cała A. Mickiewicz 1822 7-8 Świtezianka
47%
cała S. Mrożek 1983 7-8 Artysta
44%
cała H. Sienkiewicz 1881 7-8 Latarnik
44%
fragment J.J. Sempe 1956 4-6 Mikołajek
35%
cała A. Mickiewicz 1833 7-8 Reduta Ordona
33%
cała J. Christa 1981 4-6 Kajko i Kokosz
32%
Nie znaleziono quizów pasujących do podanych kryteriów
Rozkład punktacji
Procent ludzi z każdym wynikiem
Percentyl według liczby udzielonych odpowiedzi
Twoja historia wyników
Nie rozwiązałeś tego quizu